Historia local / por Jorge Tomás
Publicado:
San Jorge, núm. 79 - 80 (3r i 4rt trimestre 1970), pàg 105 :
MARC
| LEADER | 00000nam a2200000Ia 4500 | ||
|---|---|---|---|
| 001 | |||
| 008 | 160829s9999 xx 000 0 cat d | ||
| 100 | |a Tomàs, Jordi |9 40376 | ||
| 245 | |a Historia local / por Jorge Tomás | ||
| 260 | |a San Jorge, núm. 79 - 80 (3r i 4rt trimestre 1970), pàg 105 | ||
| 590 | |a Títol del llibre de Rd. Dr. Josep Ma. Gasol: La Historia de Manresa explicada als infants | ||
| 650 | |a Gasol, Josep M. |x Premis |9 40695 | ||
| 650 | |a Jocs Florals |x Manresa |9 40696 | ||
| 901 | |a Arxiu | ||
| 942 | |n 1 | ||
| 952 | |0 0 |1 0 |4 0 |7 1 |9 49858 |a Arxiu |b Arxiu |d 2016-12-01 |l 0 |r 2016-12-01 00:00:00 |w 2016-12-01 |y ARXIU | ||
| 999 | |c 53700 |d 53700 | ||